000 00720nam a2200265Ia 4500
001 Para_3570
003 CHAP
008 220125s1940 xx 000 0 und d
010 _a202094
040 _cCHAP
090 _aPA FOLLETO 1168
100 _aRitcher, P. O
_997514
245 _aKentucky white grubs /
_c P.O. Ritcher
260 _aLexington, Kentucky :
_b Agricultura Experiment Station
300 _ap. 74-157
440 _aKentucky. Agri. Exp. Sta., Bull.; 401
_9167105
650 _aPhyllophaga
_987881
901 _aPA FOLLETO 1168
902 _aA
905 _a0000001940 LEX 0000000000 00
910 _a1940
942 _cPARA
942 _cPARA
_d1
999 _c202094
_d202094